| Tag |
First Indicator |
Second Indicator |
Subfields |
| LEADER |
00000cam a2200000 4500 |
| 001 |
in00000050186 |
| 005 |
20151007065814.0 |
| 008 |
770608s1932 enkca 00000 engs |
| 010 |
|
|
|a 33007209
|
| 035 |
|
|
|a (OCoLC)03025200
|
| 035 |
|
|
|9 AAE2721AM
|
| 040 |
|
|
|a DLC
|c TJC
|d TXA
|d UtOrBLW
|
| 041 |
0 |
|
|a eng
|a fre
|
| 049 |
|
|
|a TXAM
|c [330598]
|
| 050 |
0 |
0 |
|a GN4
|b .F7
|
| 082 |
0 |
|
|a 572.082
|
| 092 |
|
|
|a 572.08
|b F848, 1932
|
| 245 |
0 |
4 |
|a The Frazer lectures, 1922-1932 :
|b by divers hands /
|c edited by Warren R. Dawson.
|
| 264 |
|
1 |
|a London :
|b Macmillan and co., limited,
|c 1932.
|
| 300 |
|
|
|a xv, 304 pages :
|b frontispiece (portrait) illustrations ;
|c 25 cm.
|
| 336 |
|
|
|a text
|b txt
|2 rdacontent
|
| 337 |
|
|
|a unmediated
|b n
|2 rdamedia
|
| 338 |
|
|
|a volume
|b nc
|2 rdacarrier
|
| 505 |
0 |
|
|a Introduction, by W. R. Dawson.--The evolution of kinship: an African study, by E. S. Hartland.--Immigrants and their influence in the lake region of Central Africa, by J. Roscoe.--The age of the gods, by W. J. Perry.--Myth in primitive psychology, by B. Malinowski.--La mise a mort du dieu en Egypte, par A. Moret.--The diffusion of culture, by R. R. Marett.--The study of popular sayings, by E. A. Westermarck.--The religion of a primitive people, by A. C. Haddon.--Les Oceaniens, par P. Rivet.--The earlier religion of Greece in the light of Cretan discoveries, by Sir A. Evans.--The Aryan theory as it stands to-day, by Sir A. Keith.
|
| 600 |
1 |
0 |
|a Frazer, James George,
|d 1854-1941.
|
| 650 |
|
0 |
|a Primitive societies.
|
| 650 |
|
0 |
|a Ethnology.
|
| 700 |
1 |
|
|a Dawson, Warren R.
|q (Warren Royal),
|d 1888-1968.
|
| 999 |
|
|
|a MARS
|
| 999 |
f |
f |
|s cc4af22b-70f6-3dbf-abeb-5f2e326dccdb
|i 2758d8ad-ed14-33b1-bd97-0a886fd783fb
|t 0
|
| 952 |
f |
f |
|p ric
|a Texas A&M University
|b Rellis Campus
|c Joint Library Facility
|d Remote Storage
|t 0
|e GN4 .F7
|h Library of Congress classification
|i unmediated -- volume
|m A14800968019
|
| 998 |
f |
f |
|a GN4 .F7
|t 0
|l Remote Storage
|